<?xml version="1.0" encoding="UTF-8"?>
<collection xmlns="http://www.loc.gov/MARC21/slim">
 <record>
  <leader>00555nam a22001455a 4500</leader>
  <controlfield tag="001">EUN.um020924</controlfield>
  <controlfield tag="003">AR-BaUNS</controlfield>
  <controlfield tag="005">20050623122900.0</controlfield>
  <controlfield tag="008">041125s1988####ag#a##########000#0#spa#d</controlfield>
  <datafield tag="245" ind1="1" ind2="0">
   <subfield code="a">Simulación del sistema integrado de cuencas del oeste de la ciudad de Mendoza. /</subfield>
   <subfield code="c">Mario Scaletta.</subfield>
  </datafield>
  <datafield tag="260" ind1=" " ind2=" ">
   <subfield code="a">Mendoza :</subfield>
   <subfield code="b">Centro regional andino, Departamento de hidrología de montaña y urbana,</subfield>
   <subfield code="c">1988.</subfield>
  </datafield>
  <datafield tag="300" ind1=" " ind2=" ">
   <subfield code="a">No paginado :</subfield>
   <subfield code="b">ilus. ;</subfield>
   <subfield code="c">31 cm.</subfield>
  </datafield>
  <datafield tag="100" ind1="1" ind2=" ">
   <subfield code="a">Scaletta, Mario.</subfield>
  </datafield>
  <datafield tag="082" ind1="0" ind2="4">
   <subfield code="a">551.4</subfield>
  </datafield>
  <datafield tag="859" ind1=" " ind2=" ">
   <subfield code="a">Ar-BaUNS</subfield>
   <subfield code="b">BIB. CENTRAL - Sector C</subfield>
   <subfield code="h">551.4</subfield>
   <subfield code="i">Sc44-1</subfield>
   <subfield code="p">97706/989</subfield>
  </datafield>
 </record>
</collection>
